000 00296nam a22001337a 4500
008 210602b ||||| |||| 00| 0 eng d
041 _aeng
080 _22nd
_a94
082 _a94
100 _a16
101 _aSHH
245 _aWorld Prehistory a new Outline
_cGrahame Clark
942 _2udc
_cBK
999 _c57907
_d57907